000 00344pab a2200145 454500
008 180718b1984 xxu||||| |||| 00| 0 eng d
100 _aMahanta, J.
245 _aPolice hierarchy and personality
260 _c1984
300 _a1-2
362 _aOct.-Dec.
650 _aPolice
773 _aPolice Research and Development
909 _a15094
999 _c15094
_d15094